Viewing crime and justice from a collaborative perspective : plenary papers of the 1998 Conference on Criminal Justice Research and Evaluation /

Bibliographic Details
Corporate Authors: Conference on Criminal Justice Research and Evaluation Washington, D.C., National Institute of Justice (U.S.), United States. Bureau of Justice Assistance, United States. Office of Juvenile Justice and Delinquency Prevention
Other Authors: Kennedy, David, 1954-
Format: Government Document Conference Proceeding Book
Language:English
Published: Washington, DC : National Institute of Justice, [1999]
Subjects:

MARC

Tag First Indicator Second Indicator Subfields
LEADER 00000cam a2200000 a 4500
001 in00000005807
005 20160229130950.0
008 990820s1999 dcu b f100 0 eng d
035 |a (OCoLC)42201309 
035 |9 AJJ8129AM 
037 |a NCJ 176979  |b NIJ 
040 |a GPO  |c GPO  |d DLC  |d MvI  |d UtOrBLW 
043 |a n-us--- 
049 |a UDOC 
074 |a 0718-F-01 
086 0 |a J 28.35:C 86 
111 2 |a Conference on Criminal Justice Research and Evaluation  |d (1998 :  |c Washington, D.C.) 
245 1 0 |a Viewing crime and justice from a collaborative perspective :  |b plenary papers of the 1998 Conference on Criminal Justice Research and Evaluation /  |c David Kennedy [and others] ; cosponsored by the Office of Justice Programs, the National Institute of Justice, the Bureau of Justice Assistance, and the Office of Juvenile Justice and Delinquency Prevention. 
246 3 0 |a Plenary papers of the 1998 Conference on Criminal Justice Research and Evaluation 
264 1 |a Washington, DC :  |b National Institute of Justice,  |c [1999] 
300 |a v, 44 pages ;  |c 28 cm. 
336 |a text  |b txt  |2 rdacontent 
337 |a unmediated  |b n  |2 rdamedia 
338 |a volume  |b nc  |2 rdacarrier 
500 |a "NIJ research forum"--Cover. 
500 |a Shipping list number: 99-0315-P. 
500 |a "July 1999." 
504 |a Includes bibliographical references. 
650 0 |a Crime analysis  |z United States  |v Congresses. 
650 0 |a Crime prevention  |z United States  |x Citizen participation  |v Congresses. 
650 0 |a Community-based corrections  |z United States  |v Congresses. 
700 1 |a Kennedy, David,  |d 1954- 
710 2 |a National Institute of Justice (U.S.) 
710 1 |a United States.  |b Bureau of Justice Assistance. 
710 1 |a United States.  |b Office of Juvenile Justice and Delinquency Prevention. 
999 |a MARS 
999 f f |s bae78734-a710-3955-8322-51889b28181d  |i db886a2a-ab4d-341d-a4f6-cf8690cc6d90  |t 0 
952 f f |p normal  |a Texas A&M University  |b College Station  |c Sterling C. Evans Library  |d Evans: US Documents (Annex 5th floor)  |t 0  |e J 28.35:C 86  |h Superintendent of Documents classification  |i unmediated -- volume  |m A14824279513 
998 f f |a J 28.35:C 86  |t 0  |l Evans: US Documents (Annex 5th floor)